000 00592cam a22001931 4500
001 sa 63004778
003 DLC
005 20260227111951.0
008 080414s1963 ii 000 0 eng
010 _asa 63004778
040 _aDLC
_cCarP
_dDLC
050 0 0 _aJQ231
_b.I55
110 2 _aIndian Institute of Public Administration.
_bCommittee on Case Studies.
245 1 0 _aCases in Indian administration.
260 _aNew Delhi
_c[1963]
300 _axx, 261 p.
_c23 cm.
651 0 _aIndia
_xPolitics and government
_y1947-
_vCase studies.
650 0 _aPublic administration
_vCase studies.
999 _c55847
_d55847